Parole arcobaleno : storia del lessico LGBT+ in Italia /

Il lessico è il livello di analisi più mutevole e poliedrico della lingua, fortemente influenzato dalle innovazioni socio-culturali che provengono dal contesto extralinguistico. In questo studio si intende fornire per la prima volta uno studio sistematico del lessico italiano afferente alla sfera se...

ver descrição completa

Na minha lista:
Detalhes bibliográficos
Autor principal: Pepponi, Elena (Author)
Formato: Livro
Idioma:Língua italiana
Publicado em: Milano ; Udine : Mimesis, ©2024
Colecção:Mimesis. Eterotopie Maurice ; 5
Assuntos:
Tags: Adicionar Tag
Sem tags, seja o primeiro a adicionar uma tag!

MARC

LEADER 00000nam a2200000 i 4500
001 IT\ICCU\BCT\0077298
003 ItRI
005 20260115232211.0
008 241204s2024 it |||||| ||||| |||||c
015 |2 IT  |a 2024-13432 
020 |a 9791222313955 
024 3 1 |a 9791222313955 
040 |b ita  |c importazione bologna sebina 
041 7 |a ita  |2 ISO-639-2 
082 |a 458.1  |9 LINGUA ITALIANA. USO STANDARD (LINGUISTICA PRESCRITTIVA) LINGUISTICA APPLICATA. Vocaboli  |2 23 
100 1 |a Pepponi, Elena  |0 IT\ICCU\TSAV\682673  |4 aut 
240 1 0 |a Parole arcobaleno  |3 IT\ICCU\BCT\0077297  |9 Pepponi, Elena 
245 1 0 |a Parole arcobaleno :  |b storia del lessico LGBT+ in Italia /  |c Elena Pepponi. 
260 |a Milano ;  |a Udine :  |b Mimesis,  |c ©2024 
300 |a 360 p. ;  |c 21 cm 
500 |a In copertina: M, MauriceLGBTQ 
520 |a Il lessico è il livello di analisi più mutevole e poliedrico della lingua, fortemente influenzato dalle innovazioni socio-culturali che provengono dal contesto extralinguistico. In questo studio si intende fornire per la prima volta uno studio sistematico del lessico italiano afferente alla sfera semantica LGBT+ da molteplici punti di vista prima inediti. Si affronterà quindi una ricostruzione storica della nascita e dello sviluppo di questo lessico nella nostra lingua partendo dai mutamenti di sensibilità sociale nei confronti di argomenti prima silenziati. Si esploreranno poi questioni diafasiche legate al lessico LGBT+ e questioni di ricezione di tale set terminologico da parte dei dizionari italiani. Si analizzeranno inoltre i processi morfologici di arricchimento del lessico che stanno alla base di tutte le innovazioni sul tema, soprattutto a partire dal nuovo millennio. Infine, si analizzeranno tutte le voci a tema LGBT+ raccolte da vari repertori lessicografici analizzati per la ricerca. (Fonte: editore) 
650 7 |a Lingua italiana  |x Lessico  |x Riferimenti [:] Persone LGBT  |2 nsbncf 
830 0 |a Mimesis. Eterotopie Maurice ;  |v 5  |0 IT\ICCU\MIL\1038644 
942 |2 ddc  |c BK  |n 0 
952 |0 0  |1 0  |4 0  |6 DOC_457_090000000000000_PEP  |7 0  |9 21860  |a BO  |b BO  |d 2026-01-15  |i 19898  |l 0  |o DOC 457.09 PEP  |p BO19898  |r 2026-01-15 23:22:11  |w 2026-01-15  |x [Sebina 5] [1 v.]  |y BK  |z 1 v. 
999 |c 18683  |d 18683